Análisis de la situación laboral de las periodistas españolas (Record no. 197725)

MARC details
000 -CABECERA
campo de control de longitud fija 01566nab a2200241 a 4500
005 - FECHA Y HORA DE LA ÚLTIMA TRANSACCIÓN
campo de control 20250430063806.0
008 - ELEMENTOS DE LONGITUD FIJA--INFORMACIÓN GENERAL
campo de control de longitud fija 991125c2018 sp ar p o 000 0 spa d
035 ## - NÚMERO DE CONTROL DEL SISTEMA
Número de control de sistema UPN01000225629
040 ## - FUENTE DE LA CATALOGACIÓN
Centro catalogador/agencia de origen UPN
Lengua de catalogación spa
Centro/agencia transcriptor UPN
Normas de descripción aacr2
049 ## - COLECCIÓN
Colección ART-E
100 1# - ASIENTO PRINCIPAL--NOMBRE PERSONAL
Nombre de persona García Saiz, Lorena
Enlace - logarsa@hotmail.com
245 10 - MENCIÓN DE TÍTULO
Título Análisis de la situación laboral de las periodistas españolas
Medio [recurso electrónico en línea]
506 0# - NOTA DE RESTRICCIONES AL ACCESO
Limitaciones de acceso Acceso abierto
520 3# - NOTA DE RESUMEN, ETC.
Sumario, etc. El sector periodístico, pese a ser una plataforma que desvela injusticias, no hace lo propio en materia de igualdad y, concretamente, dentro de su propio seno. El artículo revela mediante el análisis de datos de los Informes Anuales de la Profesión Periodística en España como las periodistas sufren un gran sesgo de género mediante la segregación vertical y horizontal en las empresas del sector, si bien se atisban ligeras tendencias de cambio en algunas áreas, que deberían ir acompañadas de acciones contundentes en áreas como el salario, la estabilidad laboral o el reconocimiento profesional, dictadas ya por la legislación estatal y europea, para que los resultados se aprecien en un futuro no muy lejano.
650 #4 - ASIENTO SECUNDARIO DE MATERIA - TERMINO TEMATICO
Término de materia o nombre geográfico como elemento de entrada Periodismo
9 (RLIN) 10230
650 #2 - ASIENTO SECUNDARIO DE MATERIA - TERMINO TEMATICO
9 (RLIN) 14167
Término de materia o nombre geográfico como elemento de entrada Legislación
653 0# - TERMINO DE INDIZACION - NO CONTROLADO
Término no controlado Igualdad de género
653 0# - TERMINO DE INDIZACION - NO CONTROLADO
Término no controlado Situación laboral
773 ## - ENLACE AL DOCUMENTO FUENTE/ENTRADA DE REGISTRO ANFITRIÓN
Parte(s) relacionada(s) No. 13 (2018), p. 7-27
Título Cuestiones de género : de la igualdad y la diferencia
Número Internacional Normalizado para Publicaciones Seriadas 1699-597X
856 4# - LOCALIZACIÓN Y ACCESO ELECTRÓNICOS
Identificador Uniforme del Recurso <a href="http://revpubli.unileon.es/index.php/cuestionesdegenero/article/view/5388/4207">http://revpubli.unileon.es/index.php/cuestionesdegenero/article/view/5388/4207</a>
905 ## - TIPO DE MATERIAL
Tipo de material Articulo
942 ## - ELEMENTOS DE PUNTO DE ACCESO ADICIONAL (KOHA)
Tipo de ítem Koha Artículo Electrónico
Holdings
Estado de retiro Estado de pérdida Estado dañado No para préstamo Código de colección Localización permanente Ubicación/localización actual Ubicación en estantería Fecha de adquisición Total de préstamos Fecha visto por última vez Identificador Uniforme del Recurso Precio válido a partir de Tipo de ítem Koha
        Acceso abierto Bib. Gregorio Torres Quintero Bib. Gregorio Torres Quintero En línea 06/12/2023   06/12/2023 https://revpubli.unileon.es/index.php/cuestionesdegenero/article/view/5030/4202 06/12/2023 Artículo Electrónico